City by numbers / (Record no. 9134)

MARC details
000 -LEADER
fixed length control field 00911nam a22002777a 4500
001 - CONTROL NUMBER
control field 9134
003 - CONTROL NUMBER IDENTIFIER
control field FISKH
005 - DATE AND TIME OF LATEST TRANSACTION
control field 20251216145914.0
008 - FIXED-LENGTH DATA ELEMENTS--GENERAL INFORMATION
fixed length control field 251124b cb ||||| |||| 00| 0 eng d
020 ## - INTERNATIONAL STANDARD BOOK NUMBER
International Standard Book Number 9780140566369
040 ## - CATALOGING SOURCE
Original cataloging agency FISKH
Language of cataloging eng
Transcribing agency FISKH
Modifying agency FISKH
050 ## - LIBRARY OF CONGRESS CALL NUMBER
Classification number QA113 .J64
082 ## - DEWEY DECIMAL CLASSIFICATION NUMBER
Classification number 513.2
100 ## - MAIN ENTRY--PERSONAL NAME
Personal name Johnson, Stephen T.
Relator term Author
245 ## - TITLE STATEMENT
Title City by numbers /
Statement of responsibility, etc. Stephen T. Johnson
260 ## - PUBLICATION, DISTRIBUTION, ETC.
Place of publication, distribution, etc. New York :
Name of publisher, distributor, etc. Penguin Group ,
Date of publication, distribution, etc. 1998
300 ## - PHYSICAL DESCRIPTION
Extent 28 unnumbered pages :
Other physical details color illustrations ;
Dimensions 27 cm
505 ## - FORMATTED CONTENTS NOTE
Formatted contents note J<br/>
520 ## - SUMMARY, ETC.
Summary, etc. Paintings of various sites around New York City--from a shadow on a building to a wrought iron-gate to the Brooklyn Bridge--depict the numbers from one to twenty-one.
521 8# - TARGET AUDIENCE NOTE
Target audience note 500<br/>
Source Lexile estimate<br/>
521 8# - TARGET AUDIENCE NOTE
Target audience note J<br/>
Source Raz-Plus<br/>
650 ## - SUBJECT ADDED ENTRY--TOPICAL TERM
Topical term or geographic name entry element Picture book
Form subdivision Wordless
650 ## - SUBJECT ADDED ENTRY--TOPICAL TERM
Topical term or geographic name entry element Counting
Form subdivision Hidden pictures
942 ## - ADDED ENTRY ELEMENTS (KOHA)
Source of classification or shelving scheme Dewey Decimal Classification
Koha item type Books
Suppress in OPAC No
Holdings
Withdrawn status Lost status Source of classification or shelving scheme Damaged status Not for loan Collection Home library Current library Shelving location Date acquired Total Checkouts Full call number Barcode Date last seen Copy number Price effective from Koha item type
    Dewey Decimal Classification     Juvenile Fiction Footprints International School Library Network Toul Tom Poung Campus Footprints International School Library Network Toul Tom Poung Campus TTP Primary Dark Blue Bookshelves 11/24/2025   JOH 513.2 QA113 .J64 FISTK02481 11/24/2025 1 11/24/2025 Books
    Dewey Decimal Classification     Juvenile Fiction Footprints International School Library Network Toul Tom Poung Campus Footprints International School Library Network Toul Tom Poung Campus TTP Primary Dark Blue Bookshelves 12/16/2025   JOH 513.2 QA113 .J64 FIS04765 12/16/2025 2 12/16/2025 Books